Catholic University of Zimbabwe Library
Online Public Access Catalogue
(OPAC)

AIDS Africa : (Record no. 4937)

MARC details
000 -LEADER
fixed length control field 01012cam a2200289 a 4500
001 - CONTROL NUMBER
control field 0000005133
005 - DATE AND TIME OF LATEST TRANSACTION
control field 20170406120403.0
008 - FIXED-LENGTH DATA ELEMENTS--GENERAL INFORMATION
fixed length control field 020828s2002 rh a b 001 0 eng
010 ## - LIBRARY OF CONGRESS CONTROL NUMBER
LC control number 2002345806
020 ## - INTERNATIONAL STANDARD BOOK NUMBER
International Standard Book Number 0797424288
040 ## - CATALOGING SOURCE
Original cataloging agency DLC
Transcribing agency DLC
Modifying agency DLC
042 ## - AUTHENTICATION CODE
Authentication code ode=LC overseas data entry
043 ## - GEOGRAPHIC AREA CODE
Geographic area code f------
050 00 - LIBRARY OF CONGRESS CALL NUMBER
Classification number RA643.86.A35
Item number J33 2002
082 00 - DEWEY DECIMAL CLASSIFICATION NUMBER
Classification number 362.1/969792/0096
Edition number 21
100 1# - MAIN ENTRY--PERSONAL NAME
Personal name Jackson, Helen,
Titles and words associated with a name (UNFPA Country Technical Advisor)
245 10 - TITLE STATEMENT
Title AIDS Africa :
Remainder of title continent in crisis /
Statement of responsibility, etc. Helen Jackson.
260 ## - PUBLICATION, DISTRIBUTION, ETC.
Place of publication, distribution, etc. Avondale, Harare, Zimbabwe :
Name of publisher, distributor, etc. SAFAIDS,
Date of publication, distribution, etc. c2002.
300 ## - PHYSICAL DESCRIPTION
Extent xxiv, 440 p. :
Other physical details col. ill. ;
Dimensions 25 cm.
504 ## - BIBLIOGRAPHY, ETC. NOTE
Bibliography, etc. note Includes bibliographical references (p. 391-411) and index.
650 #0 - SUBJECT ADDED ENTRY--TOPICAL TERM
Topical term or geographic name entry element AIDS (Disease)
Geographic subdivision Africa.
650 #0 - SUBJECT ADDED ENTRY--TOPICAL TERM
Topical term or geographic name entry element HIV infections
Geographic subdivision Africa.
650 #0 - SUBJECT ADDED ENTRY--TOPICAL TERM
Topical term or geographic name entry element AIDS (Disease)
General subdivision Treatment
Geographic subdivision Africa.
650 #0 - SUBJECT ADDED ENTRY--TOPICAL TERM
Topical term or geographic name entry element AIDS (Disease)
Geographic subdivision Africa
General subdivision Prevention.
710 2# - ADDED ENTRY--CORPORATE NAME
Corporate name or jurisdiction name as entry element Southern Africa AIDS Information Dissemination Service.
908 ## - PUT COMMAND PARAMETER (RLIN)
Put command parameter 141204
Holdings
Withdrawn status Lost status Source of classification or shelving scheme Damaged status Not for loan Home library Current library Shelving location Date acquired Full call number Barcode Date last seen Copy number Price effective from Koha item type Source of acquisition Cost, normal purchase price Inventory number Cost, replacement price Total Checkouts
          CUZ Harare Campus CUZ Harare Campus Open Shelf 06.04.2017 RA 643.86.A35 J33 BK0005979 22.05.2025 CU4282 06.04.2017 OS Book          
          CUZ Harare Campus CUZ Harare Campus Open Shelf 28.05.2025 RA643.86.A35 J33 JAC BK010458 30.05.2025   30.05.2025 OS Book donation 35.00 CUZ16390 35.00  
          CUZ Harare Campus CUZ Harare Campus Open Shelf 17.11.2025 RA643.86.A35 J33 2002 BK011027 28.11.2025   28.11.2025 OS Book Donation 35.00 CUZ16810 35.00  

OPENING HOURS

Weekdays: 0815hrs - 1800hrs
Weekends:0900hrs - 1200hrs

Closed for Mass:

Mon, Thur: 1200hrs - 1300hrs
Sunday & Public Holiday’s

CALL SUPPORT

0242-570570, 0242-570169
09200664, +263 8644140602

LOCATION

18443, Cranborne Avenue, Hatfield, Harare

Other Links


©2021 | CUZ Library